Get the Picture: Aretha Franklin or Elton John? Quiz Stats

 Plays Quiz Updated Sep 29, 2019

Score 0/16 Timer 02:00
1 Play Today
Question Answer Wrong Answers
Respect Aretha Franklin
88.2%
Elton John
1.8%
Candle in the Wind Elton John
88.1%
Aretha Franklin
2.3%
I Say a Little Prayer Aretha Franklin
85.6%
Elton John
4.8%
Tiny Dancer Elton John
85.5%
Aretha Franklin
4.8%
Your Song Elton John
84.8%
Aretha Franklin
5.3%
Chain of Fools Aretha Franklin
83.1%
Elton John
7%
Think Aretha Franklin
82.3%
Elton John
7.9%
Daniel Elton John
82.1%
Aretha Franklin
7.8%
It Isn't, It Wasn't, It Ain't Never Gonna Be Aretha Franklin
81.7%
Elton John
8.2%
I Guess That's Why They Call It the Blues Elton John
80.4%
Aretha Franklin
9.5%
I'm Still Standing Elton John
78.7%
Aretha Franklin
11.4%
Freeway of Love Aretha Franklin
76.6%
Elton John
13.6%
Sad Songs (Say So Much) Elton John
74.1%
Aretha Franklin
16%
Today I Sing the Blues Aretha Franklin
71.5%
Elton John
18.7%
Sacrifice Elton John
47%
Aretha Franklin
43.4%
My Song Aretha Franklin
41.3%
Elton John
49.3%

Today's Daily Dose

Word Ladder
Lean on Me

Get the Picture
Superhero by Villain

You're not logged in!

Compare scores with friends on all Sporcle quizzes.
OR
Log In

Sporcle TV

Today on Sporcle TV


Watch our educational content, quiz creation guides, and fun videos on Sporcle TV.

Show Comments

Extras

Top Quizzes Today


Score Distribution

Your Account Isn't Verified!

In order to create a playlist on Sporcle, you need to verify the email address you used during registration. Go to your Sporcle Settings to finish the process.

Report this User

Report this user for behavior that violates our Community Guidelines.

Details: